[Event "Andalucia-chB"]
[Site "Algeciras"]
[Date "2018.05.20"]
[Round "6"]
[White "Ramos Perez, Juan Diego"]
[Black "Ruiz Matas Garcia, Celestino"]
[Result "0-1"]
[WhiteElo "1361"]
[BlackElo "1576"]
[PlyCount "112"]
[EventDate "2018.05.18"]
[EventType "swiss"]
[EventRounds "6"]
[EventCountry "ESP"]
[SourceTitle "EXT 2020"]
[Source "ChessBase"]
[SourceDate "2019.10.17"]
[SourceVersion "1"]
[SourceVersionDate "2019.10.17"]
[SourceQuality "1"]

1. e4 d6 2. d4 Nd7 3. Nc3 e5 4. Nf3 Be7 5. Be3 Ngf6 6. h3 c6 7. d5 Qc7 8. dxc6 Qxc6 9. Bb5 Qc7 10. 0-0 a6 11. Ba4 b5 12. Bb3 Nc5 13. Nd5 Nxd5 14. Bxd5 Bb7 15. Bxb7 Qxb7 16. Bxc5 dxc5 17. Nxe5 Qxe4 18. Qd7+ Kf8 19. Rfe1 Qh4 20. Qb7 Re8 21. Nd7+ Kg8 22. Nxc5 g6 23. Qxa6 Kg7 24. Nd3 Rb8 25. Qc6 Rhc8 26. Qe4 Qxe4 27. Rxe4 Bf6 28. c3 Rd8 29. Rd1 Rd5 30. Kf1 Rbd8 31. Re3 h5 32. Ke2 Bg5 33. Re5 Rxe5+ 34. Nxe5 Re8 35. Rd5 f6 36. Rxb5 Bf4 37. Kf3 Bxe5 38. Rd5 Rb8 39. Rd2 g5 40. Ke2 h4 41. Kd3 Kg6 42. b4 Rd8+ 43. Kc2 Ra8 44. Kb3 Kf5 45. a4 Rc8 46. c4 Ke4 47. a5 Bf4 48. Rd1 f5 49. a6 g4 50. Re1+ Kd3 51. a7 g3 52. fxg3 hxg3 53. b5 Bc7 54. c5 f4 55. b6 Rb8 56. b7 Rxb7+ 0-1